Giáo trình kí sinh trùng thú y

保存先:
書誌詳細
第一著者: Trịnh Văn Thịnh
フォーマット: 図書
言語:Undetermined
出版事項: Hà nội Nông Nghiệp 1982
主題:
タグ: タグ追加
タグなし, このレコードへの初めてのタグを付けませんか!
Thư viện lưu trữ: Trung tâm Học liệu Trường Đại học Cần Thơ
LEADER 00539nam a2200181Ia 4500
001 CTU_13990
008 210402s9999 xx 000 0 und d
082 |a 636.089696 
082 |b Th312g 
100 |a Trịnh Văn Thịnh 
245 0 |a Giáo trình kí sinh trùng thú y 
245 0 |c Trịnh Văn Thịnh, Phan Trọng Cung 
260 |a Hà nội 
260 |b Nông Nghiệp 
260 |c 1982 
650 |a veterinary parasitology 
904 |i Minh, 961219 
980 |a Trung tâm Học liệu Trường Đại học Cần Thơ